Working with C (Record no. 7798)

MARC details
000 -LEADER
fixed length control field 00290nam a2200121Ia 4500
008 - FIXED-LENGTH DATA ELEMENTS--GENERAL INFORMATION
fixed length control field 191201s2011 xx 000 0 und d
100 ## - MAIN ENTRY--PERSONAL NAME
Personal name KANETKAR, Yashavant
245 #0 - TITLE STATEMENT
Title Working with C
250 ## - EDITION STATEMENT
Edition statement Rep
260 ## - PUBLICATION, DISTRIBUTION, ETC. (IMPRINT)
Date of publication, distribution, etc 2011
Name of publisher, distributor, etc BPB Publication
Place of publication, distribution, etc NEW DELHI
300 ## - PHYSICAL DESCRIPTION
Extent 520
942 ## - ADDED ENTRY ELEMENTS (KOHA)
Source of classification or shelving scheme Dewey Decimal Classification
Koha item type Text Books
942 ## - ADDED ENTRY ELEMENTS (KOHA)
-- 25
Holdings
Withdrawn status Lost status Source of classification or shelving scheme Damaged status Not for loan Collection code Home library Current library Date acquired Source of acquisition Cost, normal purchase price Bill Number Total Checkouts Full call number Acc. no. / Barcode Date last seen Date last borrowed Actual Cost, discounted price Bill Date Koha item type
    Dewey Decimal Classification     BCA PIET C-LIBRARY PIET C-LIBRARY 14/07/2012 IBH, New Delhi 270.00 5731 2 005.133 YAW BC221 17/05/2022 28/04/2022 168.48 14/07/2012 Text Books
    Dewey Decimal Classification     BCA PIET C-LIBRARY PIET C-LIBRARY 14/07/2012 IBH, New Delhi 270.00 5731 3 005.133 YAW BC222 18/11/2022 07/11/2022 168.48 14/07/2012 Text Books
    Dewey Decimal Classification     BCA PIET C-LIBRARY PIET C-LIBRARY 14/07/2012 IBH, New Delhi 270.00 5731 5 005.133 YAW BC223 11/01/2024 27/12/2023 168.48 14/07/2012 Text Books
    Dewey Decimal Classification     BCA PIET C-LIBRARY PIET C-LIBRARY 14/07/2012 IBH, New Delhi 270.00 5731 3 005.133 YAW BC224 22/06/2022 17/06/2022 168.48 14/07/2012 Text Books
    Dewey Decimal Classification     BCA PIET C-LIBRARY PIET C-LIBRARY 14/07/2012 IBH, New Delhi 270.00 5731 2 005.133 YAW BC225 24/01/2023 12/11/2021 168.48 14/07/2012 Text Books
    Dewey Decimal Classification     BCA PIET C-LIBRARY PIET C-LIBRARY 14/07/2012 IBH, New Delhi 270.00 5731 2 005.133 YAW BC226 21/11/2022 16/11/2022 168.48 14/07/2012 Text Books
    Dewey Decimal Classification     BCA PIET C-LIBRARY PIET C-LIBRARY 26/11/2013 IBH, New Delhi 270.00 15736 4 005.133 YAW BC736 01/12/2022 16/11/2022 168.48 26/11/2013 Text Books
    Dewey Decimal Classification     BCA PIET C-LIBRARY PIET C-LIBRARY 26/11/2013 IBH, New Delhi 270.00 15736 6 005.133 YAW BC737 15/02/2024 21/02/2023 168.48 26/11/2013 Text Books
    Dewey Decimal Classification     BCA PIET C-LIBRARY PIET C-LIBRARY 26/11/2013 IBH, New Delhi 270.00 15736   005.133 YAW BC738 04/12/2019   168.48 26/11/2013 Text Books

Design & Developed by: PIET Central Library
R70 Miles Stone Pattikalyana Samalkha Panipat 132102
mail ID :- [email protected], Phone No:- 0180-2569700 Ex.216